Goodwill a záporný goodwill

Pojem goodwill. Zúčtovanie goodwillu pri kúpe, zlúčení, splynutí a rozdelení podniku. Prezentácia goodwillu a záporného goodwillu v účtovnej závierke. Goodwill v zákone o dani z príjmov. Ilustračné príklady.

Gespeichert in:
Bibliographische Detailangaben
1. Verfasser: Mintál, Ján
Format: Buchkapitel
Sprache:Slowakisch
Schlagworte:
Tags: Tag hinzufügen
Keine Tags, Fügen Sie das erste Tag hinzu!

MARC

LEADER 00000naa$a2200000$$$4500
001 0056053
005 20231127092817.4
041 0 |a slo 
044 |a SK 
245 1 0 |a Goodwill a záporný goodwill  |c Ján Mintál 
520 |a Pojem goodwill. Zúčtovanie goodwillu pri kúpe, zlúčení, splynutí a rozdelení podniku. Prezentácia goodwillu a záporného goodwillu v účtovnej závierke. Goodwill v zákone o dani z príjmov. Ilustračné príklady. 
610 2 0 |a dane z príjmov 
610 2 0 |a závierka účtovná 
610 2 0 |a goodwill 
610 2 0 |a podnik 
610 2 0 |a akvizícia 
610 2 0 |a zúčtovanie 
100 1 |a Mintál, Ján